LEADER 01651nam 22003613 450 001 9910915663503321 005 20230807211621.0 010 $a1-78406-097-6 035 $a(CKB)3710000000623340 035 $a(MiAaPQ)EBC6482502 035 $a(Au-PeEL)EBL6482502 035 $a(OCoLC)1239982336 035 $a(EXLCZ)993710000000623340 100 $a20210901d2015 uy 0 101 0 $afre 135 $aurcnu|||||||| 181 $ctxt$2rdacontent 182 $cc$2rdamedia 183 $acr$2rdacarrier 200 10$aProgrammation Oriente?e Objet Avec Smalltalk 210 1$aLondon :$cISTE Editions Ltd.,$d2015. 210 4$dİ2015. 215 $a1 online resource (541 pages) 311 $a1-78405-097-0 327 $aIntro -- Tables des matie?res -- Mode d'emploi -- Avant- propos -- PREMIE?RE PARTIE : Les bases de la programmation Smalltalk -- Chapitre 1 : Un bref tour de Squeak -- Chapitre 2 : Un premier programme -- Chapitre 3 : Architecture et he?ritage -- Chapitre 4 : Quelques e?le?ments de la syntaxe et grammaire Squeak -- DEUXIE?ME PARTIE : La programmation Squeak -- Chapitre 5 : Des dessins comme en Logo -- Chapitre 6 : Les de?pendances -- TROISIE?ME PARTIE : Annexes -- Annexe A : Solutions aux exercices -- Annexe B : Liste des raccourcis clavier -- Annexe C : Pre?cis de la syntaxe de Smalltalk -- Annexe D : Liste des primitives de Squeak -- Bibliographie -- Index. 700 $aWertz$b Harald$042420 801 0$bMiAaPQ 801 1$bMiAaPQ 801 2$bMiAaPQ 906 $aBOOK 912 $a9910915663503321 996 $aProgrammation Oriente?e Objet Avec Smalltalk$94301475 997 $aUNINA